<?xml version="1.0" encoding="UTF-8"?>
<record
    xmlns:xsi="http://www.w3.org/2001/XMLSchema-instance"
    xsi:schemaLocation="http://www.loc.gov/MARC21/slim http://www.loc.gov/standards/marcxml/schema/MARC21slim.xsd"
    xmlns="http://www.loc.gov/MARC21/slim">

  <leader>00553nam a2200205   4500</leader>
  <controlfield tag="003">OSt</controlfield>
  <controlfield tag="005">20260601170956.0</controlfield>
  <controlfield tag="008">260506b\\\\\\\\||||||||\||||\00|\0\eng\d</controlfield>
  <datafield tag="020" ind1=" " ind2=" ">
    <subfield code="a">0910503974</subfield>
  </datafield>
  <datafield tag="040" ind1=" " ind2=" ">
    <subfield code="a">ICI</subfield>
    <subfield code="b">spa</subfield>
    <subfield code="c">ICI</subfield>
  </datafield>
  <datafield tag="050" ind1=" " ind2=" ">
    <subfield code="a">NK1520</subfield>
    <subfield code="b">.D47</subfield>
  </datafield>
  <datafield tag="100" ind1=" " ind2="1">
    <subfield code="a">Cooper Hewitt, National Design Museum</subfield>
    <subfield code="9">30725</subfield>
  </datafield>
  <datafield tag="245" ind1=" " ind2="1">
    <subfield code="a">Design for the other 90%</subfield>
  </datafield>
  <datafield tag="264" ind1=" " ind2=" ">
    <subfield code="b">Smithsonian</subfield>
    <subfield code="c">2007</subfield>
    <subfield code="a">Nueva York, EUA</subfield>
  </datafield>
  <datafield tag="300" ind1=" " ind2=" ">
    <subfield code="a">144 p&#xE1;ginas</subfield>
  </datafield>
  <datafield tag="336" ind1=" " ind2=" ">
    <subfield code="a">texto</subfield>
    <subfield code="2">rdacontent</subfield>
  </datafield>
  <datafield tag="337" ind1=" " ind2=" ">
    <subfield code="a">sin medio</subfield>
    <subfield code="2">rdamedia</subfield>
  </datafield>
  <datafield tag="338" ind1=" " ind2=" ">
    <subfield code="a">volumen</subfield>
    <subfield code="2">rdacarrier</subfield>
  </datafield>
  <datafield tag="942" ind1=" " ind2=" ">
    <subfield code="2">ddc</subfield>
    <subfield code="c">B</subfield>
    <subfield code="n">1</subfield>
  </datafield>
  <datafield tag="999" ind1=" " ind2=" ">
    <subfield code="c">19872</subfield>
    <subfield code="d">19872</subfield>
  </datafield>
</record>
